000 00939nam a2200205Ia 4500
003 OSt
005 20241030144947.0
007 ca aa aaaaa
008 201103s9999 xx 000 0 und d
040 _cSSBUL
041 _abur
082 _223
_a၂၉၄.၃၃၆၈ ဝါ
_b၉၁၆၃ S-SAT
100 0 _aဝါသေဋ္ဌာဘိဝံသ၊ အရှင်၊ သပြေကန်ဆရာတော်ကြီး
245 1 0 _aသပြေကန်စာတိုပေစ /
_cသပြေကန်ဆရာတော်ကြီး အရှင်ဝါသေဋ္ဌာဘိဝံသ။
260 _aရန်ကုန် ၊
_bနှင်းဦးလွင်စာပေ၊
_c၂၀၀၃။
300 _a၁၆၄ စာမျက်နှာ ၊
_c၁၆ စင်တီ။
500 _aS-SAT: Dr. Sai Aung Tun
650 _aဗုဒ္ဓဘာသာ
_vဆောင်းပါး
_954919
942 _2ddc
_cBK1
999 _c16737
_d16737